| 000 | 00446nam a2200181Ia 4500 | ||
|---|---|---|---|
| 005 | 20250508151529.0 | ||
| 008 | 008 250505s9999 xx 000 0 eng d | ||
| 037 | _aReference | ||
| 040 |
_aFEDL _beng _cFEDL |
||
| 041 |
_aeng _2eng |
||
| 084 |
_a302, NOR _qFEDL |
||
| 100 |
_aNorthway Mary L _9759438 |
||
| 245 | 0 | _aPrimer of scandal | |
| 260 | _c1953 | ||
| 300 | _a48p. | ||
| 942 |
_cREF _h302, NOR |
||
| 999 |
_c1330392 _d1330392 |
||